Cálculo avanzado

Bibliographic Details
Main Author: Spiegel, Murray R
Format: Section = Libro
Language:Undetermined
Spanish
Published: [s.l] [s.e] 1962
Subjects:
LEADER 00402nam a2200169Ia 4500
008 240829s9999 xx 000 0 und d
040 |a BIBLIOTECA-RUSB/ 515.2 S755 
041 |a spa 
082 |a 515.2 S755 
100 1 |a Spiegel, Murray R 
245 1 0 |a Cálculo avanzado 
260 |a [s.l]  |b [s.e]  |c 1962 
300 |a 384 p. :il. 
650 7 |a CALCULO-AVANZADO 
942 |c BK  |2 ddc 
991 |a TEXTO 
999 |c 1666